EA Sports NHL Game Cover Athletes - Statistics

General Stats
  • This quiz has been taken 52 times
  • The average score is 12 of 17
Answer Stats
Hint Answer % Correct
NHL 21 Alexander Ovechkin
96%
NHL 07 Alexander Ovechkin
96%
NHL 22 Auston Matthews
94%
NHL 20 Auston Matthews
94%
NHL 18 Connor McDavid
88%
NHL 16 Jonathan Toews and Patrick Kane
88%
NHL 10 Patrick Kane
88%
NHL 19 P.K. Subban
83%
NHL 11 Jonathan Toews
75%
NHL 15 Patrice Bergeron
63%
NHL 14 Martin Broduer
60%
NHL 12 Steven Stamkos
58%
NHL 13 Claude Giroux
54%
NHL 17 Vladimir Tarasenko
54%
NHL 08 Eric Staal
44%
NHL 06 Vincent Lecavalier
31%
NHL 09 Dion Phaneuf
27%
No matching quizzes found
Score Distribution
Percent of People with Each Score
Percentile by Number Answered
Your Score History
You have not taken this quiz